000 00297nam a2200097Ia 4500
082 _a070.593 HIGG
245 0 _aA rough guide to small-scale and self-publishing
100 _a HIGGS, Colleen Vlaeberg [South Africa], 2005
_975083
942 _cBK
008 210817s9999 xx 000 0 und d
999 _c247952
_d247951